Normal view
MARC view
- Rock Engineering
Entry Topical Term
001 - CONTROL NUMBER
- control field: 42433
003 - CONTROL NUMBER IDENTIFIER
- control field: NUST
005 - DATE AND TIME OF LATEST TRANSACTION
- control field: 20210314132314.0
008 - FIXED-LENGTH DATA ELEMENTS
- fixed length control field: 210314|| aca||aabn | a|a d
040 ## - CATALOGING SOURCE
- Original cataloging agency: NUST
- Transcribing agency: NUST
150 ## - HEADING--TOPICAL TERM
- Topical term or geographic name entry element: Rock Engineering
670 ## - SOURCE DATA FOUND
- Source citation: Work cat.: (NUST): Ramamurthy, T 42432, Engineering in Rocks for Slopes Foundations and Tunnels, 2007.
